Szczegóły MARC21

Kryzys polityczny 1970 roku w świetle wydarzeń na Wybrzeżu Szczecińskim /

003 -Nazwa inst., której nr kontr. jest w polu 001 [,]
    • @
    • Nazwa instytucji, której n kontrolny jest w polu 001
    • NUKAT
005 -DATA I CZAS OSTATNIEJ MODYFIKACJI [,]
    • @
    • pole kontrolne
    • 20241231092215.0
040 -Instytucja sporządzająca opis [ , ]
    • a
    • Instytucja, która sporządziła opis (NP)
    • WR O/IS
    • c
    • Instytucja, która sporządziła rekord (NP)
    • WR O/IS
    • d
    • Instytucja, która zmodyfikowała rekord (P)
    • WR O/LC
    • d
    • Instytucja, która zmodyfikowała rekord (P)
    • WR O/ISs
942 -Rodzaj dokumentu [ , ]
    • c
    • Rodzaj dokumentu
    • Książka
100 -Hasło główne - nazwa osobowa [1, ]
    • a
    • Nazwa osobowa (NP)
    • Głowacki, Andrzej
    • d
    • Daty biograficzne (NP)
    • (1930- ).
    • 9
    • KHW
    • 22398
245 -Strefa tytułu i oznaczenia odpowiedzialności [1,0]
    • a
    • Tytuł
    • Kryzys polityczny 1970 roku w świetle wydarzeń na Wybrzeżu Szczecińskim / Find
    • c
    • Pozostałe elementy strefy tytułu i oznaczenia odpowiedzialności (NP)
    • Andrzej Głowacki.
246 -Wariant tytułu [3, ]
    • a
    • Tytuł (NP)
    • Kryzys polityczny tysiąc dziewięćset siedemdziesiątego roku w świetle wydarzeń na Wybrzeżu Szczecińskim
260 -Strefa adresu wydawniczego [ , ]
    • a
    • Miejsce wydania (P)
    • Szczecin :
    • b
    • Nazwa wydawcy (P)
    • Szczecińskie Towarzystwo Naukowe,
    • c
    • Data wydania (P)
    • 1985.
300 -Strefa opisu fizycznego [ , ]
    • a
    • Określenie formy książki i/lub objętość (NP)
    • 208 s. ;
    • c
    • Format (NP)
    • 24 cm.
336 -Typ zawartości [ , ]
    • a
    • Termin opisujący typ zawartości
    • Tekst
    • b
    • Kod określający zawartość
    • txt
    • 2
    • Źródło (terminu i kodu)
    • rdacontent
337 -Typ mediów [ , ]
    • a
    • Tryb odtwarzania
    • Bez urządzenia pośredniczącego
    • b
    • Kod typu mediów
    • n
    • 2
    • Źródło (terminu i kodu)
    • rdamedia
338 -Typ/rodzaj nośnika [ , ]
    • a
    • Hasło opisujące typ nośnika
    • Wolumin
    • b
    • Kod typu nośnika
    • nc
    • 2
    • Źródło (terminu i kodu)
    • rdacarrier
490 -Strefa serii i książki wielotomowej - forma nie do wyszukiwania [1, ]
    • a
    • Tytuł (P)
    • Societas Scientiarum Stetinensis = Find
    • a
    • Tytuł (P)
    • Szczecińskie Towarzystwo Naukowe. Wydział Nauk Społecznych ; Find
    • v
    • Numeracja (P)
    • t. 43
830 -Hasło dodatkowe serii i opisu książki wielotomowej - tytuł ujednolicony/tytuł [ ,0]
    • a
    • Tytuł ujednolicony/tytuł (NP)
    • Szczecińskie Towarzystwo Naukowe.
    • p
    • Nazwa części/podserii/sekcji (P)
    • Wydział Nauk Społecznych
    • x
    • ISSN
    • 0082-1292
    • v
    • Oznaczenie tomu (NP)
    • t. 43
    • 9
    • KHW
    • 16665
504 -Uwaga dot. bibliogr. załącznikowej [ , ]
    • a
    • Uwaga dot. bibliografii załącznikowej
    • Bibliogr. s. 203-208.
610 -Hasło przedmiotowe w formie nazwy ciała zbiorowego [2,7]
    • a
    • Nazwa ciała zbiorowego lub nazwa geograficzna
    • Stocznia Szczecińska im. Adolfa Warskiego
    • x
    • Określnik ogólny
    • strajk (1970-1971).
    • 2
    • Źródło terminu
    • kaba
    • 9
    • KHW
    • 364167
651 -Hasło przedmiotowe w formie nazwy geograficznej [ ,7]
    • a
    • Nazwa geograficzna
    • Polska
    • y
    • Określnik chronologiczny
    • 1970 (Wydarzenia grudniowe).
    • 2
    • Źródło terminu
    • kaba
    • 9
    • KHW
    • 124957
Sygnatura Status udost. Lokalizacja Data inwentaryzacji Numer inwentarzowy
Z.866731BG1995-11-23Z.86673
W.132430-3BG1995-11-23W.132430
WM.5033-3BG2006-03-06WM.5033
 1BM2019-09-04Q.2528
 1BNS1995-11-23H.202
 -3BNS1995-11-23F.17683
 -3BNS1995-11-23F.17684
 -3BNS2000-11-03H.9306